000 00438nam a2200157 i 4500
001 149201
003 ES-MaACL
005 20230906203010.0
007 t|
008 071019s1961 sp ||||1| spa d
100 1 _aVelasco, Rafael.
_9113737
245 1 0 _aVersos para un libro nuevo /
_cRafael Velasco.
260 _a[Salamanca :
_bs.n.],
_c1961 (
_fImp. Núñez)
300 _a150 p. ;
_c19 cm.
852 _aES-MaACL
_jC-20830
_bR.49376
999 _c149201
_d149201